| 000 | 01654nam a2200325 a 4500 | ||
|---|---|---|---|
| 001 | BRCA_3420 | ||
| 005 | 20190320204256.0 | ||
| 041 | _aeng | ||
| 044 | _anyu | ||
| 084 |
_a709 _b.H57 _c1932 |
||
| 100 | 1 |
_aCervantes Saavedra, Miguel de _d1547-1616 _9213 |
|
| 245 | 1 | 0 |
_aThe Visionary Gentleman Don Quixote de la Mancha _cBy Miguel de Cervantes Saavedra ; Translated into English by Robinson Smith. |
| 250 | _a3 | ||
| 260 |
_aNueva York _bThe Hispanic Society of America _c1932 |
||
| 300 |
_a2 v. _c24 cm. |
||
| 500 | _aContenido : v.1. Primera parte. Prefacio y vida de Cervantes por Robinson Smith. Prólogo del autor. -- v.2. Segunda parte. Prólogo del autor. Fuentes y apéndices | ||
| 500 | _aEdición : With a Life of Cervantes, Notes and Appendices | ||
| 500 | _aTraducción de Robinson Smith, basada en las principales versiones inglesas anteriores, con una biografía de Cervantes y notas del mismo traductor, tomadas de J. Bowle, Clemencín, Pellicer, Lockhart, Bastús, Viardot, Ormsby y Watts. Semipiel; lomos decorados con filetes dorados Lúdovik Osterc | ||
| 500 | _aIncluye índice : De aventuras, incidentes, cartas, personas, historias intercaladas y tópicos discutidos | ||
| 500 | _aQMB130 | ||
| 546 | _aTexto en : inglés | ||
| 650 | 1 | 4 |
_aNovela española _yÉpoca clásica, 1500-1700 _9215 |
| 650 | 1 | 4 |
_aLiteratura española _yÉpoca clásica, 1500-1700 _9216 |
| 650 | 1 | 4 |
_aNovela española _ySiglo XVII _9217 |
| 650 | 1 | 4 |
_aDon Quijote (Personaje ficticio) _eNovela _9218 |
| 700 | 1 |
_aSmith, Robinson _d1876-? _eTraductor _98973 |
|
| 740 | 0 | _aEl Ingenioso Hidalgo Don Quijote de la Mancha | |
| 902 | _aQFM | ||
| 942 |
_2lcc _cB |
||
| 999 |
_c3156 _d3156 |
||